[Event "Groningen op"]
[Site "Groningen"]
[Date "1994.??.??"]
[Round "6"]
[White "Malakhov, Vladimir"]
[Black "Landa, Konstantin"]
[Result "1-0"]
[WhiteElo "2395"]
[BlackElo "2510"]

1.e4 c5 2.Nf3 e6 3.c4 Nc6 4.Nc3 Nge7 5.d4 cxd4 6.Nxd4 Nxd4 7.Qxd4 Nc6 8.Qd1 Bc5
9.Be2 O-O 10.O-O d6 11.b3 a6 12.Bb2 e5 13.Qd2 Be6 14.Rac1 Rc8 15.Nd5 Qh4
16.Bf3 Nd4 17.Bxd4 Bxd4 18.g3 Qd8 19.Bg2 Qd7 20.a4 Bxd5 21.cxd5 b5 22.a5 Rc5
23.Rxc5 dxc5 24.Rc1 Rc8 25.Bf1 Rd8 26.h4 h6 27.Kh2 Qg4 28.Bg2 Qg6 29.f4 Qd6
30.f5 Rb8 31.Bf1 c4 32.bxc4 b4 33.c5 Bxc5 34.Qc2 Be3 35.Rb1 Qd8 36.Qa4 Bd2
37.Bxa6 Ra8 38.Qc6 Ra7 39.Bc4 Rxa5 40.d6 Ra7 41.Rd1 Bc3 42.Qc5 Rb7 43.Qd5 Rd7
44.Bb5 Ra7 45.d7 Bd4 46.Rxd4 exd4 47.e5 Ra8 48.e6 fxe6 49.fxe6 Kf8 50.Bc6 Qf6
51.Bxa8  1-0

[Event "Groningen op"]
[Site "Groningen"]
[Date "1994.??.??"]
[Round "10"]
[White "Malakhov, Vladimir"]
[Black "Berelovich, Aleksandar"]
[Result "1-0"]
[WhiteElo "2395"]
[BlackElo "2490"]

1.e4 d6 2.d4 Nf6 3.Nc3 g6 4.Nf3 Bg7 5.Be2 O-O 6.O-O Bg4 7.h3 Bxf3 8.Bxf3 e5
9.Ne2 Nc6 10.c3 Re8 11.Ng3 exd4 12.cxd4 Nd7 13.Be3 Nb6 14.b3 a5 15.Rc1 a4
16.d5 Ne5 17.Be2 axb3 18.Qxb3 Ned7 19.Bb5 Re7 20.Rc2 Nc5 21.Rxc5 dxc5 22.Bxc5 Nc8
23.Bxe7 Qxe7 24.a4 Nd6 25.Qd3 h5 26.Re1 Qe5 27.Nf1 Ra5 28.Ne3 Nxb5 29.axb5 Ra2
30.g3 Qb2 31.Rf1 Bd4 32.Kg2 Bc5 33.Nd1 Qb4 34.e5 Ra3 35.Qc2 Qd4 36.e6 Qxd5+
37.Kh2 Bd6 38.exf7+ Qxf7 39.Kg2 h4 40.Nc3 Be5 41.Ne4 hxg3 42.fxg3 Qd5 43.Kg1 Bd4+
44.Kh1 Rxg3 45.Rf4 Rxh3+ 46.Kg2 Rc3 47.Qd1 Kg7 48.Qd2 Ra3 49.Qb4 Ra2+ 50.Kg3 Qd8
51.Qc4 Ra3+ 52.Kg2 Qd7 53.Ng5 Rg3+ 54.Kxg3 Be5 55.Ne6+ Kh8 56.Kg4 Bxf4 57.Kxf4 Qd2+
58.Ke5 Qe3+ 59.Kf6  1-0

[Event "Balatonbereny"]
[Site "Balatonbereny"]
[Date "1995.??.??"]
[Round "1"]
[White "Malakhov, Vladimir"]
[Black "Anka, Emil"]
[Result "1/2-1/2"]
[WhiteElo "2510"]
[BlackElo "2410"]

1.e4 c5 2.Nf3 d6 3.d4 cxd4 4.Nxd4 Nf6 5.f3 e5 6.Nb3 d5 7.Bg5 Be6 8.Bxf6 gxf6
9.exd5 Qxd5 10.Qxd5 Bxd5 11.Nc3 Bc6 12.O-O-O Nd7 13.Na5 Bb4 14.Nxc6 Bxc3
15.Nxa7 Rxa7 16.Bb5 Bd4 17.c3 Ra5 18.Bxd7+ Kxd7 19.cxd4 Rc8+ 20.Kb1 Ke6 21.Rhe1 Rd5
22.dxe5 Rxd1+ 23.Rxd1 fxe5 24.Rc1 Rg8 25.g4 Kd6 26.Rd1+ Ke6 27.Rd3 f5 28.gxf5+ Kxf5
29.Rd7 Kf4 30.Rf7+ Ke3 31.a4 Ra8 32.b3 b5 33.axb5 Rb8 34.Kb2 Rxb5 35.Rf5 Rd5
36.Ka3 Kd4 37.Ka4 Kc3 38.Rf7 Rd4+ 39.Ka3 Rh4 40.Rc7+ Kd3 41.Rc5 Ke3 42.Rc3+ Kd2
43.Kb2 Ke2 44.Ka3 Rh3 45.Rc5 Kxf3 46.Rxe5 Rxh2 47.b4 h5 48.b5 h4 49.b6 Rd2
50.Re8 Rd7 51.Rf8+  1/2-1/2

[Event "Balatonbereny"]
[Site "Balatonbereny"]
[Date "1995.??.??"]
[Round "2"]
[White "Tolnai, Tibor"]
[Black "Malakhov, Vladimir"]
[Result "1/2-1/2"]
[WhiteElo "2455"]
[BlackElo "2510"]

1.e4 c5 2.Nf3 g6 3.d4 Bg7 4.Nc3 cxd4 5.Nxd4 Nc6 6.Be3 Nf6 7.Bc4 O-O 8.Bb3 d6
9.h3 Bd7 10.O-O a6 11.Re1 Rc8 12.Nd5 Nxe4 13.Nxc6 bxc6 14.Bb6 Qe8 15.Nc7 Rxc7
16.Bxc7 d5 17.f3 Nc5 18.c3 Ne6 19.Bg3 Qa8 20.Qd2 Qb7 21.Rad1 Bf6 22.Qf2 Re8
23.Bh4 g5 24.Bg3 Nf4 25.c4 e6 26.h4 h6 27.hxg5 hxg5 28.Qd2 Qb8 29.Bf2 Kg7
30.g3 Nh3+ 31.Kg2 Nxf2 32.Qxf2 Rh8 33.Rh1 Rxh1 34.Rxh1 Qe5 35.Rh5 Kg6 36.Qc2+ Kg7
37.f4 Qe3 38.fxg5 Be5 39.Rh7+ Kf8 40.Rh3 Bd4 41.Rh1 Qxg5 42.Rf1 Kg7 43.Qd3 Bxb2
44.cxd5 exd5 45.Bc2 Be6 46.Qh7+ Kf8 47.Bf5 Qf6 48.Bxe6 Qxe6 49.Qh4 c5 50.Qd8+ Kg7
51.Qg5+ Kf8 52.Qd8+ Kg7 53.Qg5+ Kf8  1/2-1/2

[Event "Balatonbereny"]
[Site "Balatonbereny"]
[Date "1995.??.??"]
[Round "3"]
[White "Malakhov, Vladimir"]
[Black "Pinter, Jozsef"]
[Result "0-1"]
[WhiteElo "2510"]
[BlackElo "2565"]

1.e4 e5 2.Nf3 Nc6 3.Nc3 Nf6 4.d4 exd4 5.Nxd4 Bb4 6.Nxc6 bxc6 7.Bd3 d5 8.exd5 cxd5
9.O-O O-O 10.Bg5 c6 11.Na4 h6 12.Bh4 Bd6 13.Re1 Rb8 14.c3 c5 15.Bc2 Bd7 16.Rb1 g5
17.Bg3 Bxg3 18.hxg3 Bxa4 19.Bxa4 Qd6 20.Qd3 Kg7 21.Re2 Rb7 22.Rbe1 Rfb8 23.Bc2 Kf8
24.b3 Rb6 25.Qf5 Qd7 26.Qd3 R8b7 27.Re5 Rd6 28.c4 Rc7 29.Rd1 d4 30.Rde1 Rc8
31.f4 gxf4 32.gxf4 Qg4 33.Rf1 Rcc6 34.Bd1 Qg6 35.Qh3 d3 36.Qe3 d2 37.Bf3 Rd3
38.Qe2 Rcd6 39.Rd1 Qg3 40.Rxc5 Rxf3 41.Qxf3 Qe1+ 42.Kh2 Rd3 43.Rc8+ Kg7  0-1

[Event "Balatonbereny"]
[Site "Balatonbereny"]
[Date "1995.??.??"]
[Round "4"]
[White "Schlindwein, Rolf"]
[Black "Malakhov, Vladimir"]
[Result "1/2-1/2"]
[WhiteElo "2440"]
[BlackElo "2510"]

1.d4 c5 2.Nc3 cxd4 3.Qxd4 Nc6 4.Qh4 d5 5.e4 dxe4 6.Bb5 Nf6 7.Bg5 Bf5 8.Rd1 Qb6
9.Nge2 h6 10.Bxf6 exf6 11.Qf4 Be6 12.Nd4 O-O-O 13.Nxe6 Rxd1+ 14.Kxd1 fxe6
15.Qxe4 Ne5 16.f4 Ng4 17.Kc1 Qe3+ 18.Qxe3 Nxe3 19.g3 a6 20.Ba4 Bc5 21.Bb3 e5
22.fxe5 fxe5 23.Nd1 Rd8 24.c3 e4 25.Re1 Nxd1 26.Bxd1 e3 27.Bg4+ Kc7 28.Re2 Kd6
29.Kc2 Ke5 30.Bf3 b5 31.b4 Ba7 32.Kb3 g5 33.a4 bxa4+ 34.Kxa4 Rd3 35.Kb3 Rd2
36.Rxd2 exd2 37.Kc2 Bb6 38.Kxd2 a5 39.bxa5 Bxa5  1/2-1/2

[Event "Balatonbereny"]
[Site "Balatonbereny"]
[Date "1995.??.??"]
[Round "5"]
[White "Malakhov, Vladimir"]
[Black "Bezold, Michael"]
[Result "1-0"]
[WhiteElo "2510"]
[BlackElo "2490"]

1.e4 d6 2.d4 g6 3.Nc3 Bg7 4.Nf3 Nd7 5.Be2 a6 6.a4 b6 7.O-O e6 8.Re1 Ne7 9.Be3 h6
10.Qd2 Bb7 11.Rad1 Nf6 12.e5 Nfd5 13.Nxd5 Nxd5 14.c4 Nxe3 15.Qxe3 O-O 16.h4 dxe5
17.dxe5 Qe7 18.h5 g5 19.Nh2 Rfd8 20.Ng4 Qc5 21.Qc3 Be4 22.Bf3 Bxf3 23.gxf3 Qc6
24.b3 Rd7 25.Rd3 Rad8 26.Red1 a5 27.Kg2 Kf8 28.Qc2 Kg8 29.R1d2 Rxd3 30.Rxd3 Rd5
31.Qe2 Rxd3 32.Qxd3 Qc5 33.Qd8+ Kh7 34.Qe8 Qf8 35.Qd7  1-0

[Event "Balatonbereny"]
[Site "Balatonbereny"]
[Date "1995.??.??"]
[Round "6"]
[White "Landa, Konstantin"]
[Black "Malakhov, Vladimir"]
[Result "1/2-1/2"]
[WhiteElo "2515"]
[BlackElo "2510"]

1.g3 c5 2.Bg2 g6 3.c4 Bg7 4.Nc3 Nc6 5.a3 Nf6 6.Rb1 a5 7.d3 O-O 8.f4 d6 9.Nf3 Ne8
10.O-O Nc7 11.Be3 Nd4 12.Bf2 Rb8 13.a4 Bg4 14.e3 Nxf3+ 15.Bxf3 Bxf3 16.Qxf3 Qd7
17.Nb5 Nxb5 18.axb5 a4 19.Qe2 a3 20.bxa3 Ra8 21.Rb3 Ra4 22.Be1 Rfa8 23.Bc3 Bxc3
24.Rxc3 Rxa3 25.Rxa3 Rxa3 26.Rd1 b6 27.g4 Ra2 28.Qxa2 Qxg4+ 29.Kf2 Qxd1 30.Qa7 Qxd3
31.Qxb6 Qxc4 32.Qc6 Qc2+ 33.Kg3 Qb3 34.b6 Qxe3+ 35.Kg2 Qe2+ 36.Kg1 Qe1+  1/2-1/2

[Event "Balatonbereny"]
[Site "Balatonbereny"]
[Date "1995.??.??"]
[Round "8"]
[White "Nikolaidis, Ioannis"]
[Black "Malakhov, Vladimir"]
[Result "1-0"]
[WhiteElo "2540"]
[BlackElo "2510"]

1.d4 Nf6 2.c4 a6 3.f3 c5 4.d5 e6 5.e4 Bd6 6.Nh3 O-O 7.Nc3 Be5 8.Nf2 Qc7 9.Ne2 exd5
10.f4 dxe4 11.fxe5 Qxe5 12.Bf4 Qxb2 13.Qc1 Qb6 14.Nc3 Re8 15.Be2 Nc6 16.Rb1 Qd8
17.Bg5 h6 18.Bxf6 Qxf6 19.Ncxe4 Qg6 20.O-O Rxe4 21.Bd3 f5 22.Bxe4 fxe4 23.Qf4 Nd4
24.Qxe4 Qxe4 25.Nxe4 b5 26.cxb5 axb5 27.Nxc5 Rxa2 28.Rf2 Rxf2 29.Kxf2 d6
30.Nd3 Bd7 31.Ra1 Kf7 32.Ra7 Ke7 33.Nf4 Nc6 34.Rb7 Na5 35.Rb8 Bc6 36.g3 Nb7
37.Nd3 Nd8 38.Rb6 Bd7 39.Nf4 Bc6 40.Ne2 g5 41.Nd4 Bd7 42.Nxb5 Nf7 43.Ke3 Bh3
44.Ke4 Ke6 45.Nd4+ Kf6 46.Rb2 Bd7 47.Kd5 h5 48.Rf2+ Kg6 49.Nc6 Bxc6+ 50.Kxc6 g4
51.Re2 Kf5 52.Kd5 h4 53.Rf2+ Kg6 54.Rf4 Nh6 55.Kxd6 Kg5 56.Ke5 hxg3 57.hxg3 Kg6
58.Rf6+ Kg5 59.Rf8 Kg6 60.Kf4 Kg7 61.Ra8 Kg6 62.Ra6+ Kh5 63.Rb6  1-0

[Event "Balatonbereny"]
[Site "Balatonbereny"]
[Date "1995.??.??"]
[Round "10"]
[White "Romanishin, Oleg M"]
[Black "Malakhov, Vladimir"]
[Result "1/2-1/2"]
[WhiteElo "2580"]
[BlackElo "2510"]

1.Nf3 c5 2.g3 g6 3.c3 Bg7 4.d4 cxd4 5.cxd4 d5 6.Nc3 Nf6 7.Ne5 O-O 8.Bg2 Nc6
9.Nxc6 bxc6 10.O-O Qb6 11.b3 Re8 12.Bb2 Bf5 13.Rc1 Nd7 14.Na4 Qa6 15.Re1 Rac8
16.Bf1 Qa5 17.Bc3 Qc7 18.Qd2 e5 19.dxe5 Nxe5 20.Bg2 Be4 21.Bh3 d4 22.Ba5 Qd6
23.Nc5 Bf5 24.Bxf5 gxf5 25.Qc2 Bh6 26.Bd2 f4 27.Bxf4 Bxf4 28.gxf4 Ng6 29.Qf5 Qxf4
30.Qxf4 Nxf4 31.Kf1 Re5 32.Nd3 Nxd3 33.exd3 Rh5 34.Re4 Rxh2 35.Ke2 Rh6 36.Rxd4 Re8+
37.Re4 Rhe6 38.Kf3 Kf8 39.Rc5 Rd6 40.Ke3 Red8 41.d4 Rg6 42.Rh5 h6 43.f3 Rd5
44.Rhe5 Rg2 45.Re8+ Kg7 46.R8e7 Rxa2 47.Rf4 Rb5 48.Rexf7+ Kg8 49.Rf8+ Kg7
50.R8f7+ Kg8 51.Rf8+ Kg7 52.R4f7+ Kg6 53.Rf6+ Kg7 54.R8f7+ Kg8 55.Rf8+ Kg7
56.R8f7+ Kg8 57.Rc7 Rxb3+ 58.Kf4 Raa3 59.Kg3 Rd3 60.Rcxc6 Rxd4 61.Rg6+ Kf7
62.Rxh6 Kg7  1/2-1/2

[Event "Budapest FS07 GM"]
[Site "Budapest"]
[Date "1995.??.??"]
[Round "?"]
[White "Enders, Peter"]
[Black "Malakhov, Vladimir"]
[Result "0-1"]
[WhiteElo "2470"]
[BlackElo "2510"]

1.e4 c5 2.Nf3 g6 3.d4 Bg7 4.d5 Nf6 5.Nc3 O-O 6.Be2 d6 7.O-O e6 8.h3 exd5
9.exd5 Na6 10.Bf4 Nc7 11.a4 Re8 12.Bh2 b6 13.Nb5 Ne4 14.c3 a6 15.Nxc7 Qxc7
16.Bc4 Bb7 17.Re1 Nf6 18.Qd3 Qd7 19.Re3 Rxe3 20.fxe3 Qe7 21.Re1 Nd7 22.e4 Ne5
23.Qf1 Qe8 24.Bb3 Bc8 25.Nd2 b5 26.axb5 axb5 27.Bf4 c4 28.Bc2 Ra2 29.Rb1 Qe7
30.Qf2 b4 31.Bxe5 Bxe5 32.cxb4 c3 33.Nc4 cxb2 34.b5 Ra1 35.b6 Qg5 36.Nxe5 Qxe5
37.g3 Qc3 38.Kg2 Ba6 39.g4 h6 40.h4 Bc8 41.h5 gxh5 42.gxh5 Qh3+ 43.Kg1 Ra3
44.Qh2 Rg3+ 45.Kh1 Qg4 46.Qxg3 Qxg3 47.Rg1 Qxg1+ 48.Kxg1 Kf8 49.Kf2 f6 50.Ke3 Ke7
51.Kf4 Kd8 52.b7 Bxb7 53.Kf5 Ke7 54.Kg6 Ba6 55.Kxh6 Kf7 56.Kh7 Bc4 57.Bb1 f5
58.exf5 Bxd5 59.h6 Bc4 60.Kh8 d5 61.h7 d4 62.f6 Kxf6  0-1

[Event "Budapest FS07 GM"]
[Site "Budapest"]
[Date "1995.??.??"]
[Round "?"]
[White "Malakhov, Vladimir"]
[Black "Lukacs, Peter"]
[Result "1/2-1/2"]
[WhiteElo "2510"]
[BlackElo "2480"]

1.e4 e5 2.Nf3 Nc6 3.Nc3 Nf6 4.d4 exd4 5.Nxd4 Bb4 6.Nxc6 bxc6 7.Bd3 d5 8.exd5 cxd5
9.O-O O-O 10.Bg5 c6 11.Na4 h6 12.Bh4 Bd6 13.Re1 Be6 14.c3 c5 15.Bc2 Re8 16.Qd3 Rc8
17.Re2 Bb8 18.Rf1 Qd6 19.Bg3 Qc6 20.b4 cxb4 21.cxb4 Bxg3 22.hxg3 Bg4 23.Rxe8+ Rxe8
24.Rc1 Be2 25.Qd4 Bc4 26.Nc5 Qb6 27.a3 a5 28.Nb3 Qxd4 29.Nxd4 axb4 30.axb4 Rb8
31.Rb1 Ne4 32.Bxe4 dxe4 33.b5 Bd3 34.Rb3 Rb6 35.f3 g6 36.g4 Kg7 37.Kf2 Bc4
38.Rc3 Bd5 39.Rc5 Bb7 40.Nc6 exf3 41.gxf3 Kf6 42.Ke3 Ke6 43.Kd4 Bxc6 44.bxc6 Rb4+
45.Kd3 Rb8 46.Rc1 Kd6 47.Rh1  1/2-1/2

[Event "Budapest FS07 GM"]
[Site "Budapest"]
[Date "1995.??.??"]
[Round "?"]
[White "Malakhov, Vladimir"]
[Black "Gonzalez Garcia, Jose"]
[Result "1/2-1/2"]
[WhiteElo "2510"]
[BlackElo "2375"]

1.e4 c6 2.Nf3 d5 3.Nc3 dxe4 4.Nxe4 Nf6 5.Nxf6+ exf6 6.d4 Bd6 7.Be2 O-O 8.O-O Re8
9.Re1 Bf5 10.Be3 Nd7 11.Qd2 a5 12.d5 c5 13.Nh4 Be4 14.f3 Bg6 15.Nxg6 hxg6
16.Bb5 Qc7 17.Bxd7 Qxd7 18.Bf2 Qc7 19.h3 b5 20.a4 b4 21.Rxe8+ Rxe8 22.Re1 Rxe1+
23.Qxe1 Be5 24.b3 c4 25.Qd1 Kf8 26.Be3 Ke7 27.Qe2 cxb3 28.cxb3 g5 29.Kf2 Kd6
30.Qd2 Qc3 31.Qxc3 bxc3 32.Ke2 Bf4 33.Kd3 c2 34.Bxf4+ gxf4 35.Kxc2 Kxd5 36.h4 g6
37.Kd3 f5 38.Kd2 Kd6 39.Kd1 Kd5 40.Kc1 Kc5 41.Kb1 Kd5 42.Ka2 Kd4 43.Kb2  1/2-1/2

[Event "Budapest FS07 GM"]
[Site "Budapest"]
[Date "1995.??.??"]
[Round "?"]
[White "Gyimesi, Zoltan"]
[Black "Malakhov, Vladimir"]
[Result "1/2-1/2"]
[WhiteElo "2525"]
[BlackElo "2510"]

1.d4 c5 2.d5 d6 3.c4 e5 4.e4 Be7 5.Nc3 Bg5 6.Qa4+ Kf8 7.Nge2 Bxc1 8.Nxc1 g6
9.Nd3 Kg7 10.g3 Na6 11.a3 Bd7 12.Qc2 Nh6 13.b4 Rc8 14.b5 Nc7 15.Bg2 a6 16.a4 f6
17.b6 Ne8 18.a5 f5 19.O-O-O fxe4 20.Bxe4 Nf5 21.Bxf5 Bxf5 22.f3 Nf6 23.g4 Bxd3
24.Rxd3 Rf8 25.Re1 Qd7 26.Kb2 Rce8 27.h3 Re7 28.Kb3 Ref7 29.Ree3 Ne8 30.Qh2 h6
31.Qb2 Kh7 32.Qb1 Qd8 33.Qe1 Qe7 34.Qg3 Qd7 35.Qh2 Qd8 36.Qf2 Qd7 37.Qd2 Qd8  1/2-1/2

[Event "Budapest FS07 GM"]
[Site "Budapest"]
[Date "1995.??.??"]
[Round "?"]
[White "Malakhov, Vladimir"]
[Black "Csom, Istvan"]
[Result "1-0"]
[WhiteElo "2510"]
[BlackElo "2455"]

1.e4 c5 2.Nf3 a6 3.c4 e6 4.Nc3 Qc7 5.Be2 b6 6.O-O Bb7 7.Re1 d6 8.d4 cxd4
9.Nxd4 Nf6 10.f3 Be7 11.Be3 O-O 12.Rc1 Nbd7 13.Qd2 Rfe8 14.Bf1 Rac8 15.Qf2 Qb8
16.Kh1 Bd8 17.b4 Ne5 18.Na4 Nfd7 19.Red1 Bc7 20.Nb3 Bc6 21.b5 axb5 22.cxb5 Ba8
23.Nd4 Nc5 24.Nc3 Bb7 25.h3 Qa8 26.f4 Ned7 27.Nc6 Nb8 28.e5 dxe5 29.Bxc5 bxc5
30.Nxe5 Bxe5 31.fxe5 Qa5 32.Rd6 Qa3 33.Qd2 c4 34.Re1 h6 35.Re3 Qa5 36.Rg3 Kh8
37.Qf4 Qc7 38.a4 Re7 39.Rd4 Nd7 40.Rxc4 Qxe5 41.Qxe5 Nxe5 42.Rxc8+ Bxc8 43.a5 Rc7
44.a6 Rc5 45.b6 Nd7 46.b7 Bxb7 47.axb7 Rc7 48.Nb5 Rxb7 49.Nd6 Rb1 50.Nxf7+ Kg8
51.Rf3 e5 52.Nd6 Nf6 53.Kh2 Re1 54.Bc4+  1-0

[Event "Budapest FS07 GM"]
[Site "Budapest"]
[Date "1995.??.??"]
[Round "?"]
[White "Kahn, Evarth"]
[Black "Malakhov, Vladimir"]
[Result "1/2-1/2"]
[WhiteElo "2350"]
[BlackElo "2510"]

1.d4 Nf6 2.c4 a6 3.Nf3 b5 4.cxb5 axb5 5.Qb3 c6 6.Nc3 d5 7.Bf4 Bf5 8.e3 e6
9.Ne5 Be7 10.Be2 Nfd7 11.Nxd7 Nxd7 12.O-O O-O 13.a3 Nb6 14.Rfd1 Bg6 15.Na2 Qd7
16.Nb4 Nc4 17.Nd3 Bxd3 18.Bxd3 f5 19.Qc2 Nb6 20.Be5 Rfc8 21.Qe2 Nc4 22.Bxc4 bxc4
23.Qc2 c5 24.dxc5 Rxc5 25.e4 fxe4 26.Qxe4 Bd6 27.Qd4 Rc6 28.Bxd6 Qxd6 29.Re1 Re8
30.Re5 Qc5 31.Qg4 Rb6 32.Qe2 Qd4 33.Rb1 Re7 34.h3 g6 35.a4 c3 36.Rd1 Qxa4
37.bxc3 Rf7 38.Re1 Rf6 39.g4 Qf4 40.g5 Rf5 41.Rxf5 Qxf5 42.Qe3 Rc6 43.Ra1 Rc8
44.Ra7 Re8 45.Qg3 Rf8 46.Qh4 Rf7 47.Ra8+ Rf8 48.Ra7 Rf7 49.Ra8+ Rf8  1/2-1/2

[Event "Canaries olJ U16"]
[Site "?"]
[Date "1995.??.??"]
[Round "?"]
[White "Gunnarsson, Jon Viktor"]
[Black "Malakhov, Vladimir"]
[Result "0-1"]
[WhiteElo "2255"]
[BlackElo "2395"]

1.e4 c5 2.Nf3 g6 3.d4 Bg7 4.Nc3 cxd4 5.Nxd4 Nc6 6.Be3 Nf6 7.Be2 O-O 8.O-O d5
9.exd5 Nxd5 10.Nxd5 Qxd5 11.Bf3 Qc4 12.c3 Nxd4 13.Bxd4 e5 14.Be3 e4 15.Be2 Qc6
16.Qc2 f5 17.f4 Be6 18.Rac1 b5 19.Rfd1 Rfd8 20.Rxd8+ Rxd8 21.Bxa7 Ra8 22.Bd4 Rxa2
23.Qd2 Qd5 24.Rc2 Bxd4+ 25.Qxd4 Qxd4+ 26.cxd4 Bc4 27.Kf2 Bxe2 28.Kxe2 Kf7
29.Ke3 Ke6 30.g4 b4 31.gxf5+ gxf5 32.Rc6+ Kd7 33.Rf6 Rxb2 34.Rxf5 Rxh2 35.Rb5 b3
36.Kxe4 b2 37.Ke5 Re2+ 38.Kf6 Rg2 39.f5 h5 40.Rb7+ Kc6 41.Rb4 h4  0-1

[Event "Canaries olJ U16"]
[Site "?"]
[Date "1995.??.??"]
[Round "?"]
[White "Fontaine, Robert"]
[Black "Malakhov, Vladimir"]
[Result "0-1"]
[WhiteElo "2200"]
[BlackElo "2395"]

1.e4 c5 2.Nf3 g6 3.c3 Bg7 4.d4 cxd4 5.cxd4 d5 6.exd5 Nf6 7.Bb5+ Nbd7 8.Nc3 O-O
9.Bxd7 Qxd7 10.Ne5 Qd6 11.Qb3 Rd8 12.Nc4 Qa6 13.Ne3 b6 14.Bd2 Bb7 15.a4 Qd3
16.Rd1 Qxd4 17.Bc1 Qc5 18.O-O Rd7 19.Rd2 Qd6 20.a5 bxa5 21.Nc4 Qb4 22.Qa2 Nxd5
23.Nxd5 Bxd5 24.Qxa5 Qxc4 25.Rxd5 Qxd5  0-1

[Event "RUS-ch"]
[Site "Elista"]
[Date "1995.??.??"]
[Round "1"]
[White "Korneev, Oleg"]
[Black "Malakhov, Vladimir"]
[Result "1/2-1/2"]
[WhiteElo "2605"]
[BlackElo "2510"]

1.e4 c5 2.Nf3 g6 3.d4 Bg7 4.c3 cxd4 5.cxd4 d5 6.e5 Bg4 7.Bb5+ Nc6 8.O-O e6
9.Bxc6+ bxc6 10.Nbd2 Ne7 11.h3 Bxf3 12.Nxf3 O-O 13.b3 c5 14.dxc5 Qc7 15.Be3 Nc6
16.Bd4 Nxe5 17.Nxe5 Bxe5 18.b4 Rad8 19.b5 Bxd4 20.Qxd4 e5 21.Qb4 d4 22.a4 e4
23.c6 Rfe8 24.a5 a6 25.Rfc1 axb5 26.Qxb5 e3 27.fxe3 dxe3 28.Qb7 Qe5 29.c7 Ra8
30.a6 Kg7 31.a7 Qd4 32.Kh1 e2 33.Qc6 Rxa7 34.Qxe8 Rxa1 35.c8=Q Rxc1+ 36.Qxc1 Qd1+
37.Qxd1 exd1=Q+ 38.Kh2 Qd6+ 39.Kh1 h5 40.Qe4 f5 41.Qe1 f4 42.Qa1+ Kf7 43.Qa8 Kf6
44.Qa5 Qd4 45.Qa6+ Kf5 46.Qb5+ Qe5 47.Qd7+ Kg5 48.Qd8+ Qf6 49.Qa5+ Kh6 50.Qd5 Qa1+
51.Kh2 Qe1 52.Qd4 Qg3+ 53.Kh1 Qe3 54.Qh8+ Kg5 55.Qd8+ Kf5 56.Qf8+  1/2-1/2

[Event "RUS-ch"]
[Site "Elista"]
[Date "1995.??.??"]
[Round "2"]
[White "Malakhov, Vladimir"]
[Black "Rublevsky, Sergei"]
[Result "1/2-1/2"]
[WhiteElo "2510"]
[BlackElo "2595"]

1.e4 c5 2.Nf3 e6 3.c4 Nc6 4.Nc3 Nge7 5.d4 Nxd4 6.Nxd4 cxd4 7.Qxd4 Nc6 8.Qe3 b6
9.Be2 Bc5 10.Qg3 O-O 11.O-O Nd4 12.Bd3 Bb7 13.Be3 f5 14.Rad1 fxe4 15.Bxd4 Bxd4
16.Nxe4 Bf6 17.Bc2 Bc6 18.b4 Rc8 19.Nxf6+ Qxf6 20.Rd2 d5 21.cxd5 Bxd5 22.Bb3 Rc3
23.Rd3 Rfc8 24.Rxc3 Qxc3 25.Bxd5 exd5 26.Qd6 Qc6 27.Qf4 Qf6 28.Qg4 Rd8 29.Rd1 d4
30.h4 Qe5 31.a3 h6 32.g3 Qd5  1/2-1/2

[Event "RUS-ch"]
[Site "Elista"]
[Date "1995.??.??"]
[Round "3"]
[White "Malakhov, Vladimir"]
[Black "Epishin, Vladimir"]
[Result "0-1"]
[WhiteElo "2510"]
[BlackElo "2640"]

1.e4 c5 2.Nf3 e6 3.c4 Nc6 4.Nc3 Nge7 5.d4 cxd4 6.Nxd4 Nxd4 7.Qxd4 Nc6 8.Qe3 Be7
9.Be2 O-O 10.O-O Qc7 11.b3 a6 12.Bb2 b6 13.Rac1 Bc5 14.Qd2 Qb8 15.Kh1 d6
16.f4 Bd4 17.Rf3 Ra7 18.Rg3 f6 19.Bd3 Bd7 20.Qe2 e5 21.f5 Be8 22.Rf1 Kh8
23.h4 Ne7 24.a4 Qc8 25.Bb1 Qc5 26.Qd3 Bh5 27.Qd2 Nc6 28.Bc1 Qa5 29.Bc2 Rc8
30.Bd1 Be8 31.h5 Bxc3 32.Rxc3 h6 33.Ba3 b5 34.cxb5 axb5 35.b4 Qd8 36.a5 Bf7
37.Be2 Nd4 38.Rxc8 Qxc8 39.Rc1 Qb7 40.Bd3 Nb3 41.Qe2 Nxc1 42.Bxc1 Qc6 43.Be3 Rb7
44.Kh2 Bc4 45.Qd2 Bxd3 46.Qxd3 Rc7 47.Bf2 Rc8 48.Qe3 Qc1 49.Qd3 Rc3 50.Qe2 Ra3
51.a6 Rxa6 52.Qxb5 Rc6 53.Qa4 Kh7 54.Be3 Qc4 55.Qa8 Rc8 56.Qb7 Rc7 57.Qb8 Qf7
58.Kg1 Rc3 59.Bd2 Rd3 60.Be1 Rd1  0-1

[Event "RUS-ch"]
[Site "Elista"]
[Date "1995.??.??"]
[Round "4"]
[White "Daniliuk, Sergey"]
[Black "Malakhov, Vladimir"]
[Result "0-1"]
[WhiteElo "2390"]
[BlackElo "2510"]

1.e4 c5 2.Nf3 g6 3.d4 Bg7 4.Nc3 cxd4 5.Nxd4 Nc6 6.Nb3 Nf6 7.Be2 O-O 8.O-O d6
9.Be3 Be6 10.f4 Rc8 11.f5 Bd7 12.g4 Ne5 13.Nd2 Rxc3 14.bxc3 Bc6 15.Bf3 Nxf3+
16.Qxf3 d5 17.Bd4 dxe4 18.Qh3 Nxg4 19.Bxg7 Kxg7 20.Nxe4 Qb6+ 21.Nf2 gxf5  0-1

[Event "RUS-ch"]
[Site "Elista"]
[Date "1995.??.??"]
[Round "5"]
[White "Malakhov, Vladimir"]
[Black "Ulibin, Mikhail"]
[Result "0-1"]
[WhiteElo "2510"]
[BlackElo "2545"]

1.e4 e6 2.d4 d5 3.Nd2 Nf6 4.e5 Nfd7 5.c3 c5 6.f4 Nc6 7.Ndf3 Qb6 8.g3 Be7
9.Bh3 O-O 10.Ne2 cxd4 11.cxd4 f6 12.Rf1 Kh8 13.Qb3 Qa6 14.Bd2 Nb6 15.Rf2 Nc4
16.Rd1 Bd7 17.exf6 gxf6 18.Bf1 b5 19.a3 b4 20.axb4 Rab8 21.Qc2 Nxb4 22.Bxb4 Bxb4+
23.Nc3 Ba4 24.Ra1 Bxc2 25.Rxa6 Bxc3+ 26.bxc3 Rb1+ 27.Ke2 Bd1+ 28.Kd3 Bxf3
29.Rxe6 Rfb8 30.Be2 Be4+ 31.Rxe4 R1b2  0-1

[Event "RUS-ch"]
[Site "Elista"]
[Date "1995.??.??"]
[Round "6"]
[White "Frog, Ilya"]
[Black "Malakhov, Vladimir"]
[Result "1-0"]
[WhiteElo "2295"]
[BlackElo "2510"]

1.Nf3 c5 2.b3 Nf6 3.Bb2 e6 4.e3 b6 5.d4 Bb7 6.Bd3 Be7 7.O-O O-O 8.c4 cxd4
9.exd4 d5 10.Nc3 Nc6 11.Qe2 Rc8 12.Rac1 Nb4 13.Bb1 dxc4 14.bxc4 Bxf3 15.gxf3 Bd6
16.Ne4 Bf4 17.Rcd1 Nxe4 18.fxe4 Qh4 19.f3 Rxc4 20.a3 Nc6 21.Rf2 Na5 22.Ba2 Rc6
23.Rg2 Rd6 24.e5 Rd7 25.d5 Rfd8 26.Kh1 Qh6 27.Rdg1 Rxd5 28.Bxd5 Rxd5 29.Rd1 g5
30.Bc1 Bxc1 31.Rxc1 Qg6 32.h4 h6 33.hxg5 hxg5 34.Qe3 Rd3 35.Rc8+ Kg7 36.Qxg5 Qxg5
37.Rxg5+ Kh7 38.Kg2 Nb3 39.Rc7 Kh6 40.Rg3 Nd4 41.Rd7 Rd2+ 42.Kf1 Nxf3 43.Rxf7 Ng5
44.Rf8 Rd1+ 45.Ke2 Rd5 46.Re3 a5 47.Rg8 b5 48.Kf2 Rd2+ 49.Kg3 Kh5 50.Rb8 Rd5
51.Rg8 Rd2 52.Ra8 a4 53.Rb8 Rd5 54.Rf8 Rd2 55.Rf6 Rc2 56.Rf4 Rd2 57.Rb4 Rd5
58.Kf4 Nf7 59.Rh3+ Kg6 60.Rg3+ Kh7 61.Rb2 Rd4+ 62.Ke3 Rh4 63.Rxb5 Nh6 64.Rb7+ Kh8
65.Kd2 Rh5 66.Rg6 Rh2+ 67.Kc3 Rh3+ 68.Kc4  1-0

[Event "RUS-ch"]
[Site "Elista"]
[Date "1995.??.??"]
[Round "11"]
[White "Malakhov, Vladimir"]
[Black "Lukin, Andrei M"]
[Result "1/2-1/2"]
[WhiteElo "2510"]
[BlackElo "2440"]

1.e4 c5 2.Nf3 d6 3.d4 cxd4 4.Nxd4 Nf6 5.f3 Nc6 6.c4 e6 7.Nc3 Be7 8.Be3 O-O
9.Be2 d5 10.cxd5 exd5 11.Nxc6 bxc6 12.exd5 Nxd5 13.Nxd5 cxd5 14.O-O Be6 15.Bd4 a5
16.b3 Bf6 17.f4 Bxd4+ 18.Qxd4 Qd7 19.Rad1 Rfd8 20.Rf3 f6 21.Rfd3 a4 22.b4 a3
23.Qe3 Qa7 24.Rd4 Re8 25.Qd3 Rac8 26.Kf1 Rc4 27.Qd2 Rxd4 28.Qxd4 Qxd4 29.Rxd4 Rc8
30.Bd1 Kf8 31.Bb3 Ke7 32.b5 Kd6 33.Ra4 Bd7 34.Rxa3 Bxb5+ 35.Kf2 Rc7 36.Ra8 Bc4
37.Bxc4 dxc4 38.Ke2 Rb7 39.Rd8+ Kc5 40.Kd1 Ra7 41.Rd2 c3 42.Rf2 f5 43.Kc1 Kd4
44.Re2 Kd3 45.Rf2 Re7 46.Kd1 g6 47.Rf3+ Kc4 48.Rf2 Re6 49.Re2 Ra6 50.Rf2 h6
51.Kc1 Kd3 52.Rf3+ Kd4 53.Rg3 h5 54.h4 Ke4 55.Rxc3 Kxf4 56.a3 Kg4 57.Rh3 Ra4
58.Kd2 f4 59.Ke2  1/2-1/2

[Event "EU-ch U20"]
[Site "Holon"]
[Date "1995.??.??"]
[Round "1"]
[White "Malakhov, Vladimir"]
[Black "Drenchev, Petar"]
[Result "1-0"]
[WhiteElo "2510"]
[BlackElo "2320"]

1.e4 c5 2.Nf3 d6 3.d4 cxd4 4.Nxd4 Nf6 5.f3 Nc6 6.c4 g6 7.Nc3 Bg7 8.Be3 O-O
9.Be2 Nd7 10.O-O Qb6 11.Ncb5 Nxd4 12.Bxd4 Bxd4+ 13.Qxd4 a6 14.Qxb6 Nxb6 15.Nc3 Be6
16.b3 a5 17.f4 Bd7 18.e5 dxe5 19.fxe5 Bc6 20.Bf3 Nd7 21.Rfe1 Nc5 22.Rad1 Rfd8
23.Nd5 Kf8 24.Kf1 Rab8 25.Bg4 e6 26.Nf6 h5 27.Be2 Ke7 28.g3 Be4 29.Kf2 Rxd1
30.Rxd1 Rd8 31.Ke3 Bc2 32.Rxd8 Kxd8 33.Kd4 b6 34.Kc3 Be4 35.a3 Bc6 36.b4 axb4+
37.axb4 Ne4+ 38.Nxe4 Bxe4 39.Kd4 Bc6 40.h4 Kc7 41.b5 Bg2 42.c5 Bd5 43.Bd3 Bg2
44.c6 Kd8 45.Ke3 Ke7 46.Kf4 f5 47.Kg5 Bd5 48.Be2 Be4 49.Bc4 Bc2 50.c7 Kd7
51.Bxe6+ Kxc7 52.Bf7 Kd7 53.Kf6  1-0

[Event "EU-ch U20"]
[Site "Holon"]
[Date "1995.??.??"]
[Round "2"]
[White "Rowson, Jonathan"]
[Black "Malakhov, Vladimir"]
[Result "0-1"]
[WhiteElo "2400"]
[BlackElo "2510"]

1.e4 c5 2.Nf3 g6 3.d4 Bg7 4.dxc5 Qa5+ 5.c3 Qxc5 6.Be3 Qc7 7.Na3 Nc6 8.Nb5 Qd8
9.Bc4 d6 10.e5 a6 11.Bxf7+ Kxf7 12.Ng5+ Ke8 13.Qb3 Nxe5 14.Nd4 Bf6 15.Nxh7 d5
16.Nxf6+ Nxf6 17.O-O-O Kf7 18.f3 Nc4 19.Bf2 Qc7 20.g3 e5 21.Ne2 Be6 22.g4 d4  0-1